Online
Catalog

El primer viaje del Quijote a Santo Domingo : (Record no. 56760)

MARC details
000 -CABECERA
campo de control de longitud fija 02243nam a22003977i 4500
003 - IDENTIFICADOR DEL NÚMERO DE CONTROL
campo de control DO-SdBNP
005 - FECHA Y HORA DE LA ÚLTIMA TRANSACCIÓN
campo de control 20250120102852.0
007 - CAMPO FIJO DE DESCRIPCIÓN FÍSICA--INFORMACIÓN GENERAL
campo de control de longitud fija ta
008 - DATOS DE LONGITUD FIJA--INFORMACIÓN GENERAL
campo de control de longitud fija 091102e1923 dr 000 e spa d
020 ## - NÚMERO INTERNACIONAL ESTÁNDAR DEL LIBRO
Número Internacional Estándar del Libro 9789945250688
040 ## - FUENTE DE LA CATALOGACIÓN
Centro catalogador/agencia de origen DO-SdBNP
Lengua de catalogación spa
Centro/agencia transcriptor BNPHU
Normas de descripción rda
082 04 - NÚMERO DE LA CLASIFICACIÓN DECIMAL DEWEY
Número de clasificación 972.9303
Número de documento/Ítem F385p 2023
Número de edición 22
100 1# - ENTRADA PRINCIPAL--NOMBRE DE PERSONA
Nombre de persona Freites Roque, Arturo,
Fechas asociadas al nombre 1879-1914
Término indicativo de función/relación autor
9 (RLIN) 28219
245 10 - MENCIÓN DE TÍTULO
Título El primer viaje del Quijote a Santo Domingo :
Resto del título comercio, cultura política y sociedad en La Española del sigloXVII /
Mención de responsabilidad, etc. Joan M. Ferrer Rodríguez ; cuidado de edición, Kary Alba Rocha Arias ; diagramación y diseño de cubierta, Harold Frías Maggiolo ; prólogo, Natalia González Tejera.
250 ## - MENCIÓN DE EDICIÓN
Mención de edición Primera edición
264 #4 - PRODUCCIÓN, PUBLICACIÓN, DISTRIBUCIÓN, FABRICACIÓN Y COPYRIGHT
Producción, publicación, distribución, fabricación y copyright Santo Domingo, República Dominicana :
Nombre del de productor, editor, distribuidor, fabricante Archivo General de la Nación,
Fecha de producción, publicación, distribución, fabricación o copyright ©2023.
300 ## - DESCRIPCIÓN FÍSICA
Extensión 104 páginas :
Otras características físicas ilustraciones, fotografías ;
Dimensiones 24 cm.
336 ## - TIPO DE CONTENIDO
Fuente rdacontent
Término de tipo de contenido texto
Código de tipo de contenido txt
337 ## - TIPO DE MEDIO
Fuente rdamedia
Nombre/término del tipo de medio sin mediación
Código del tipo de medio n
338 ## - TIPO DE SOPORTE
Fuente rdacarrier
Nombre/término del tipo de soporte volumen
Código del tipo de soporte nc
490 0# - MENCIÓN DE SERIE
Mención de serie Publicaciones del Archivo General de la Nación ;
Designación de volumen o secuencia volumen 483
500 ## - NOTA GENERAL
Nota general Incluye índice onomástico.
500 ## - NOTA GENERAL
Nota general Incluye datos biográficos del autor en las solapas.
500 ## - NOTA GENERAL
Nota general Incluye referencias bibliográficas y notas al pie de las páginas.
505 2# - NOTA DE CONTENIDO CON FORMATO
Nota de contenido con formato Prólogo. Natalia González Tejera, 9.-- Introducción, 13.-- El autor y su obra, 17.-- De la madrileña calle de Atocha a un olvidado rincón del Caribe, 27.-- El cargazón y el registro, 37.-- El tejido social, 49.-- La construcción de la realidad política, 53.-- Aspectos económicos, 57.-- Conclusión, 61.-- Los personajes, 63.-- Glosario, 77.-- Apéndices.<br/>
586 ## - NOTA DE PREMIOS
Nota de premios Premio Nacional de Historia AGN Vetilio Alfau Durán 2022 : Ensayo
590 ## - NOTA LOCAL (RLIN)
Nota local Inventariado, 2024 /LP
650 #0 - PUNTO DE ACCESO ADICIONAL DE MATERIA--TÉRMINO DE MATERIA
Término de materia o nombre geográfico como elemento de entrada Novela dominicana
Subdivisión general Historia
Subdivisión cronológica Siglo XVII
9 (RLIN) 223
650 #4 - PUNTO DE ACCESO ADICIONAL DE MATERIA--TÉRMINO DE MATERIA
Término de materia o nombre geográfico como elemento de entrada Navío "Filibote San Pedro"
Subdivisión general Historia
Subdivisión geográfica República Dominicana
Subdivisión general Comercio
9 (RLIN) 67
651 ## - PUNTO DE ACCESO ADICIONAL DE MATERIA--NOMBRE GEOGRÁFICO
Nombre geográfico República Dominicana
Subdivisión general Historia
Subdivisión cronológica Siglo XVII
9 (RLIN) 85561
700 1# - PUNTO DE ACCESO ADICIONAL--NOMBRE DE PERSONA
Nombre de persona Rocha Arias, Kary Alba,
Término indicativo de función/relación edición
9 (RLIN) 81514
700 1# - PUNTO DE ACCESO ADICIONAL--NOMBRE DE PERSONA
Nombre de persona González Tejera, Natalia,
Término indicativo de función/relación prologuista
9 (RLIN) 55788
700 1# - PUNTO DE ACCESO ADICIONAL--NOMBRE DE PERSONA
Nombre de persona Frías Maggiolo, Harold,
Término indicativo de función/relación diagramación y diseño de cubierta
9 (RLIN) 172
910 ## - DATOS DE OPCIÓN DEL USUARIO (OCLC)
Datos de opción del usuario lopérez
942 ## - ELEMENTOS DE PUNTO DE ACCESO ADICIONAL (KOHA)
Fuente del sistema de clasificación o colocación Dewey Decimal Classification
Tipo de ítem Koha Libro
Holdings
Estado de retiro Estado de pérdida Fuente del sistema de clasificación o colocación Restricciones de uso No para préstamo Código de colección Localización permanente Ubicación/localización actual Ubicación en estantería Fecha de adquisición Fuente de adquisición Total de préstamos Signatura topográfica completa Código de barras Fecha visto por última vez Precio válido a partir de Tipo de ítem Koha Número de copia
    Dewey Decimal Classification Excluido de préstamo   Patrimonio Dominicano Biblioteca Nacional Pedro Henríquez Ureña Biblioteca Nacional Pedro Henríquez Ureña Depósito 26.03.2024 Donado por Ministerio de Educación   BNPHU F-PD 972.9303 F385p 2023 2024-3162 27.05.2024 27.05.2024 Libro  
    Dewey Decimal Classification Excluido de préstamo   Patrimonio Dominicano Biblioteca Nacional Pedro Henríquez Ureña Biblioteca Nacional Pedro Henríquez Ureña En catalogación 28.05.2024 Depósito Legal / Archivo General de la Nación   BNPHU F-PD 972.9303 F385p 2023 2024-4181 04.07.2024 04.07.2024 Libro e.2
    Dewey Decimal Classification Préstamo en sala   Dominicana de Servicio Biblioteca Nacional Pedro Henríquez Ureña Biblioteca Nacional Pedro Henríquez Ureña En catalogación 28.05.2024 Depósito Legal / Archivo General de la Nación   BNPHU F-DS 972.9303 F385p 2023 2024-4182 04.07.2024 04.07.2024 Libro e.3
    Dewey Decimal Classification Préstamo en sala   Dominicana de Servicio Biblioteca Nacional Pedro Henríquez Ureña Biblioteca Nacional Pedro Henríquez Ureña En catalogación 28.05.2024 Depósito Legal / Archivo General de la Nación   BNPHU F-DS 972.9303 F385p 2023 2024-4186 04.07.2024 04.07.2024 Libro e.4

Powered by Koha